[Event "Orlova op 8th"]
[Site "Orlova"]
[Date "2011.05.28"]
[Round "8"]
[White "Adamcik, Bohdan"]
[Black "Foltyn, Mateusz"]
[Result "1-0"]
[WhiteElo "1819"]
[BlackElo "1468"]
[PlyCount "57"]
[EventDate "2011.05.21"]
[EventType "swiss"]
[EventRounds "9"]
[EventCountry "CZE"]
[SourceTitle "CBM 142 Extra"]
[Source "ChessBase"]
[SourceDate "2011.06.27"]
[SourceVersion "1"]
[SourceVersionDate "2011.06.27"]
[SourceQuality "1"]

1. e4 c5 2. Nf3 Nc6 3. d4 cxd4 4. Nxd4 d6 5. Nc3 Nf6 6. Be3 e5 7. Nb3 Be7 8. Qd2 a6 9. Be2 0-0 10. 0-0-0 b5 11. Kb1 b4 12. Nd5 Nxe4 13. Nxe7+ Qxe7 14. Qd5 Bb7 15. Qxe4 Nd4 16. Qg4 f5 17. Bg5 Qc7 18. Qh5 g6 19. Qh4 Qxc2+ 20. Ka1 Nxb3+ 21. axb3 Qxe2 22. Be7 Rfe8 23. Qf6 Rf8 24. Bxf8 Rxf8 25. Qxd6 a5 26. Rd2 Qb5 27. Qe6+ Kg7 28. Rd7+ Kh8 29. Qe7 1-0